000 00418nam a2200181Ia 4500
001 8816
005 20260306160637.0
008 260306t2007||||xx |||||||||||||| ||spa||
041 _aESP
082 _a371.394
_bC28 2007
100 _aCarrasco, José Bernardo
_eAUT
245 0 _aCómo personalizar la educación
260 _c2007
300 _a
_c
650 _aGEN
654 _aCED
942 _cLIB
_dJUS
_fJUS
_2ddc
_n
999 _c8816
_d8816